ბათუმის შოთა რუსთაველის სახელმწიფო უნივერსიტეტის ბიბლიოთეკა

The Architecture Reference & Specification Book: Everything Architects Need to Know Every Day / (ბიბ.ჩანაწერი № 56484)

000 -LEADER
fixed length control field 00766nam a2200229Ia 4500
001 - CONTROL NUMBER
control field 23597
003 - CONTROL NUMBER IDENTIFIER
control field GE_BSU
005 - DATE AND TIME OF LATEST TRANSACTION
control field 20221114110623.0
008 - FIXED-LENGTH DATA ELEMENTS--GENERAL INFORMATION
fixed length control field 181216s2013||||en |||||||||||||| ||eng||
020 ## - INTERNATIONAL STANDARD BOOK NUMBER
International Standard Book Number 9781592538485x
040 ## - CATALOGING SOURCE
Transcribing agency GE_BSU
041 ## - LANGUAGE CODE
Language code of text/sound track or separate title eng
080 ## - UNIVERSAL DECIMAL CLASSIFICATION NUMBER
Universal Decimal Classification number 721 M-10
100 ## - MAIN ENTRY--PERSONAL NAME
Personal name McMorrough, Julia
9 (RLIN) 4605
245 #4 - TITLE STATEMENT
Title The Architecture Reference & Specification Book: Everything Architects Need to Know Every Day /
Statement of responsibility, etc. Julia McMorrough .
264 ## - PRODUCTION, PUBLICATION, DISTRIBUTION, MANUFACTURE, AND COPYRIGHT NOTICE
Place of production, publication, distribution, manufacture Beverly:
Name of producer, publisher, distributor, manufacturer Rockport Publishers,
Date of production, publication, distribution, manufacture, or copyright notice 2013.
300 ## - PHYSICAL DESCRIPTION
Extent 272 p. :
Other physical details ill.;
Dimensions 20 cm
653 ## - INDEX TERM--UNCONTROLLED
keyword The Architecture Reference & Specification Book: Everything Architects Need to Know Every Day
653 ## - INDEX TERM--UNCONTROLLED
keyword Архитектура
653 ## - INDEX TERM--UNCONTROLLED
keyword არქიტექტურა
942 ## - ADDED ENTRY ELEMENTS (KOHA)
Koha item type წიგნი
Source of classification or shelving scheme
ეგზემპლარები
Withdrawn status Lost status Source of classification or shelving scheme Damaged status Not for loan Permanent Location Current Location Shelving location Date acquired Cost, normal purchase price Full call number Barcode Date last seen Copy number Price effective from Koha item type Public note
          ბათუმის შოთა რუსთაველის სახელმწიფო უნივერსიტეტის მთავარი ბიბლიოთეკა ბათუმის შოთა რუსთაველის სახელმწიფო უნივერსიტეტის მთავარი ბიბლიოთეკა წიგნსაცავი 2018-12-17 50.00 721 M-10 58782 2018-12-17 58782 2018-12-17 წიგნი 50 Gel.
          ბათუმის შოთა რუსთაველის სახელმწიფო უნივერსიტეტის მთავარი ბიბლიოთეკა ბათუმის შოთა რუსთაველის სახელმწიფო უნივერსიტეტის მთავარი ბიბლიოთეკა წიგნსაცავი 2018-12-17 40.00 721 M-10 58781 2018-12-17 58781 2018-12-17 წიგნი 40 Gel.